000 00247nam a2200097Ia 4500
001 1207231
005 20250827022821.0
008 250824s9999 xx 000 0 und d
245 0 _aGEÇ GELEN HÜZÜN
_cHÜSEYİN BEKTAŞ
260 _bÇIRA YAYINLARI
999 _c1207231
_d1207231